Statistics for Fast Typing to 100 - in words

Click here to take the quiz!

General Stats

  • This quiz has been taken 21 times
  • The average score is 75 of 100

Answer Stats

HintAnswer% Correct
1one
100%
3three
94%
4four
94%
5five
94%
6six
94%
7seven
94%
8eight
94%
2two
94%
60sixty
88%
22twenty two
88%
23twenty three
88%
24twenty four
88%
50fifty
88%
90ninety
88%
80eighty
88%
70seventy
88%
20twenty
88%
21twenty one
88%
30thirty
88%
12twelve
88%
14fourteen
88%
17seventeen
88%
18eighteen
88%
11eleven
88%
10ten
88%
9nine
88%
34thirty four
82%
33thirty three
82%
32thirty two
82%
19nineteen
82%
16sixteen
82%
15fifteen
82%
31thirty one
82%
72seventy two
76%
66sixty six
76%
65sixty five
76%
64sixty four
76%
67sixty seven
76%
63sixty three
76%
62sixty two
76%
71seventy one
76%
39thirty nine
76%
13thirteen
76%
38thirty eight
76%
37thirty seven
76%
36thirty six
76%
35thirty five
76%
29twenty nine
76%
28twenty eight
76%
27twenty seven
76%
26twenty six
76%
25twenty five
76%
61sixty one
76%
74seventy four
71%
73seventy three
71%
75seventy five
71%
69sixty nine
71%
68sixty eight
71%
51fifty one
71%
59fifty nine
71%
47forty seven
71%
40forty
71%
58fifty eight
71%
42forty two
71%
44forty four
71%
45forty five
71%
46forty six
71%
41forty one
71%
48forty eight
71%
49forty nine
71%
52fifty two
71%
53fifty three
71%
54fifty four
71%
55fifty five
71%
57fifty seven
71%
56fifty six
71%
93ninety three
65%
92ninety two
65%
91ninety one
65%
89eighty nine
65%
88eighty eight
65%
87eighty seven
65%
86eighty six
65%
85eighty five
65%
84eighty four
65%
83eighty three
65%
82eighty two
65%
81eighty one
65%
79seventy nine
65%
78seventy eight
65%
77seventy seven
65%
76seventy six
65%
43forty three
65%
94ninety four
59%
95ninety five
53%
96ninety six
53%
97ninety seven
47%
98ninety eight
47%
99ninety nine
47%
100one hundred
41%

Score Distribution

Percentile by Number Answered

Percent of People with Each Score

Your Score History

You have not taken this quiz